| 000 | 01124cam a2200301 4500 | ||
|---|---|---|---|
| 001 | M1106 | ||
| 008 | 090401t1992 xxu||||| |||| 00| 0 eng d | ||
| 022 | _a1369-5630 | ||
| 035 | _a(Sirsi) u29841 | ||
| 041 | _aeng | ||
| 050 |
_a692.8 _c18 |
||
| 090 | _aRICS 1992/64ABCD | ||
| 110 |
_aRoyal Institution of Chartered Surveyors _94900 |
||
| 245 |
_aContracts in use _ba survey of building contracts in use during 1991 |
||
| 250 | _a5th ed. | ||
| 260 |
_aLondon _bRICS _c1992 |
||
| 300 |
_a[8]p. _c30cm. |
||
| 490 |
_aContracts in Use _v1991 |
||
| 650 | _aBUILT ENVIRONMENT-BUILDING CONTRACT FORMS-STANDARD FORMS OF BUILDING CONTRACT-GC/WORKS CONTRACTS | ||
| 650 | _aBUILT ENVIRONMENT-BUILDING CONTRACT FORMS-STANDARD FORMS OF BUILDING CONTRACT-INSTITUTION OF CIVIL ENGINEERS CONTRACTS | ||
| 650 | _aBUILT ENVIRONMENT-BUILDING CONTRACT FORMS-STANDARD FORMS OF BUILDING CONTRACT-JOINT CONTRACTS TRIBNUAL CONTRACTS | ||
| 690 | _aBUILT ENVIRONMENT-BUILDING CONTRACT FORMS | ||
| 700 | _aBound, Chris | ||
| 700 | _aMorrison, Neil | ||
| 710 |
_aDavis Langdon and Everest _91155 |
||
| 942 | _n0 | ||
| 948 | _c04/03/1997 | ||
| 999 |
_c89459 _d89459 |
||